000 00687nam a2200205Ia 4500
001 17678
003 GE_BSU
008 181216s||||||||xx |||||||||||||| ||und||
040 _cGE_BSU
080 _a625.01(075.32)
100 _aБородич,М.К. Добродеев,А.Н. Зубарев,Г.Н. и др.
245 _aСтроительные конструкции.
245 _cПод общей ред. И.А.Симвулиди, научный ред. А.Н.Волгушев.
260 _aМ.
260 _bСтройиздат.
260 _c1971.
300 _a439 стр. с илл. 26 см.
653 _aСтроительные конструкции.
942 _cBK
999 _c50726
_d50726